Responses for Show #4786 - Monday, May 30, 2005

Contestants

[<< previous game]

Matt Whitney, a high school English teacher from Santa Barbara, California

Lisa Voss, a library assistant from Lincoln, Nebraska

Charlie Kahn, a middle school math teacher from Versailles, Kentucky (whose 1-day cash winnings total $25,600)

[next game >>]

Jeopardy! Round responses

MEN OF SCIENCE
SPORTS 2004
FILL IN THE TITLE
ENDS IN "EE"
DONALD TRUMP
YOU'RE FIRED!
    $200 15
Albert Einstein

Charlie
    $200 20
the (Carolina) Panthers

Matt
    $200 6
Purple

Charlie
    $200 1
coffee

Lisa
    $200 11
handshaking

Matt
    $200 26
Walt Disney

Charlie
    $400 16
Galileo

Lisa
    $400 21
Hale Irwin

Lisa
    $400 7
Red

Lisa
    $400 2
toupée

Matt
    $400 12
(Charlie: What is the American Football League?)
(Lisa: What is the National Football League?)

the USFL

CharlieLisaMatt
    $400 27
George Steinbrenner

Matt
    $600 17
(Ivan) Pavlov

Lisa
    $600 23
(Matt: Who is...)
...
(Alex: Matt is still thinking on it and trying to come up with the name [*]. He was the winning pitcher.)

Derek Lowe

Matt
Triple Stumper
    $600 8
Black

Matt
    $600 3
jubilee

Matt
    $600 13
Norman Vincent Peale

Matt
    $600 28
Douglas MacArthur

Matt
    $800 18
Foucault

Matt
    $800 24
Russia

Charlie
    $800 9
Blue

Charlie
    $800 4
the Okefenokee

Lisa
    $800 14
Marla Maples

Lisa
    $2,200 29
(Matt: What is Ace?)
(Alex: No. Not a bad guess, but he founded [*].)

Home Depot

Matt
    $1000 19
(Francis) Crick

Matt
    $1000 25
the Detroit Pistons

Charlie
    $1000 10
Yellow

Matt
    $1000 5
(Arnold) Toynbee

Charlie
    $1000 22
Wharton

Matt
    $1000 30
(Alex: Little guy, young guy. Got it. Boom.)

Mozart

Charlie

Scores at the first commercial break (after clue 15):

Charlie Lisa Matt
$1,800 $1,800 $3,800

Scores at the end of the Jeopardy! Round:

Charlie Lisa Matt
$4,800 $3,200 $5,000

Double Jeopardy! Round responses

BALLET
KEN YOU DIG IT?
PEOPLE IN HISTORY
THE SUSHI BAR
WHERE AM I?
BEFORE & AFTER
    $400 1
the Bolshoi

Charlie
    $400 21
Ken Burns

Lisa
    $400 6
(Matt: Who was Nathan Hale?)

Patrick Henry

CharlieMatt
    $400 9
a crab

Lisa
    $400 26
Wisconsin

Charlie
    $400 16
King Learjet

Lisa
    $800 2
Jewels

Lisa
    $800 22
Ken Berry

Triple Stumper
    $800 7
Ferdinand

Matt
    $800 10
the monkfish

Lisa
    $800 27
(Matt: What is Cleveland?)

Columbus

CharlieMatt
    $800 17
Molotov Cocktail Party

Lisa
    $1200 3
(Matt: Who is Twyla Tharp?)
(Charlie: Who is Bob Fosse?)
...
(Alex: He was your second choice, but you picked Fosse instead.)

Jerome Robbins

CharlieMatt
Triple Stumper
    $1200 23
Ken Norton (Sr.)

Matt
    $1200 8
Genghis Khan

Lisa
    $1200 11
Philadelphia

Lisa
    $1200 28
(Lisa: What is Yosemite?)
...
[The end-of-round signal sounds.]

Yellowstone National Park

CharlieLisa
    $2,000 18
(Alex: We were looking for "little" but Orphan Annie is good enough.)

(Little) Orphan Annie Leibovitz

Lisa
    $1600 4
Nijinsky

Lisa
    $1600 24
Ken Kesey

Matt
    $1600 14
Alexander Stephens

Triple Stumper
    $1600 12
nori

Lisa
    $1600 19
Pee Wee Reese Witherspoon

Triple Stumper
    $2000 5
(Lisa: What is a jeté?)

a battement

Lisa
Triple Stumper
    $2000 25
(Lisa: Who is Ken Burton?)

Ken Russell

Lisa
Triple Stumper
    $2,000 15
(Charlie: Who is Parnell?)
(Alex: No, wrong one. Who was [*]? And he was assassinated shortly after that.)

Michael Collins

Charlie
    $2000 13
(Lisa: What is horseradish?)

ginger

CharlieLisa
    $2000 20
(Alex: I've been on the bunny hill--in fact, that's where I spent most of my winter!)

Benjamin Bunny Slope (Benjamin Bunny Hill accepted)

Lisa

Scores at the end of the Double Jeopardy! Round:

Charlie Lisa Matt
$6,800 $9,200 $6,200

[wagering suggestions for these scores]

Final Jeopardy! Round responses

LEGAL TERMS
MattWhat is subpoena?
$1,500
CharlieWhat is subpoena?
$6,000
LisaWhat subpoena?
$4,800
subpoena

Final scores:

Charlie Lisa Matt
$12,800 $14,000 $7,700
2nd place: $2,000 New champion: $14,000 3rd place: $1,000

Game dynamics:

Coryat scores:

Charlie Lisa Matt
$8,800 $8,400 $8,400
14 R,
3 W
(including 1 DD)
19 R
(including 1 DD),
5 W
16 R,
5 W
(including 1 DD)

Combined Coryat: $25,600

[game clues] [game scores] [suggest correction]

Game tape date: 2004-11-16
The J! Archive is created by fans, for fans. Scraping, republication, monetization, and malicious use prohibited; this site may use cookies and collect identifying information. See terms. The Jeopardy! game show and all elements thereof, including but not limited to copyright and trademark thereto, are the property of Jeopardy Productions, Inc. and are protected under law. This website is not affiliated with, sponsored by, or operated by Jeopardy Productions, Inc. Join the discussion at JBoard.tv.